The Three Musketeers (Registo nº 945)
[ vista simples ]
| 000 -Etiqueta do registo | |
|---|---|
| Cabeçalho | 00635nam0a2200277 4500 |
| 005 - Identificador da versão | |
| Campo de controlo | 20240813121819.0 |
| 010 ## - Número internacional normalizado dos livros (ISBN) | |
| Número (ISBN) | 0582 817064 |
| 021 ## - Número do Depósito Legal | |
| Código do país | GB |
| 035 ## - Other System Control Numbers | |
| System Control Number | 0001010 |
| System Control Number | 0000993 |
| 100 ## - Dados gerais de processamento | |
| Dados gerais de processamento | 20091120d a y0pory5003 ba |
| 102 ## - Pais de publicação ou produção | |
| País de publicação | Portugal |
| 101 0# - Língua de publicação | |
| Língua do texto, banda sonora, etc. | Inglês |
| Língua do documento no original | Inglês |
| 106 ## - Campo de dados codificados: material textual | |
| Dados codificados do material textual | r |
| 105 ## - Campo de dados codificados: livros | |
| Dados codificados dos livros | a z 001yy |
| 215 ## - Descrição física | |
| Indicação específica da natureza do documento e extensão da espécie | 38 p. |
| Dimensões | cm |
| 200 1# - Titulo e menção de responsabilidade | |
| Título próprio | The Three Musketeers |
| Primeira menção de responsabilidade | Alexandre Dumas |
| 225 2# - Colecção | |
| Título próprio da colecção | Penguin Readers |
| 304 ## - Notas relativas a título e menção de responsabilidade | |
| Texto da nota | Tít. orig.: |
| 675 ## - Classificação Decimal Universal (CDU) | |
| Notação | 821.111 |
| Edição | BN |
| Língua da edição | por |
| 700 #1 - Nome de autor-pessoa física (responsabilidade principal) | |
| Número de registo de entrada de autoridade | 0001258 |
| Palavra de ordem | Dumas |
| Outra parte do nome não tomada para palavra de ordem | Alexandre |
| 942 ## - Elementos de entrada adicionados (Koha) | |
| Tipo de item no Koha | Livro |
| Situação do levantamento | Origin of item (home branch) (coded) | Biblioteca de empréstimo | Código de barras | Cota | Circulation type (not for loan) | Tipo de documento | Nota do exemplar | Damaged status |
|---|---|---|---|---|---|---|---|---|
| Biblioteca Escolar Eng. Nuno Mergulhão | Biblioteca Escolar Eng. Nuno Mergulhão | BENM1686 | 821 DUM | Livro | Sem mensagem |
